Najludniejsze miasta Bałkanów - nagła śmierć - Statystyki

Ogólne statystyki
  • Ten quiz został rozwiązany 68 razy
  • Średni wynik to 6 z 15
Answers on the Grid
Answers color-coded by a green-red scale on the quiz's grid according to % correct below.
Stambuł
Bukareszt
Sofia
Belgrad
Zagrzeb
Ateny
Skopje
Tirana
Sarajewo
Płowdiw
Warna
Saloniki
Lublana
Kluż-Napoka
Nowy Sad
Jassy
Konstanca
Timisoara
Braszów
Krajowa
Gałacz
Çorlu
Çerkezköy
Prisztina
Burgas
Oradea
Nisz
Ploeszti
Podgorica
Patras
 
Statystyki odpowiedzi
Odpowiedź % Poprawnych
Ateny
67%
Belgrad
67%
Sofia
65%
Zagrzeb
63%
Bukareszt
52%
Stambuł
48%
Saloniki
43%
Tirana
41%
Lublana
37%
Sarajewo
35%
Skopje
35%
Kluż-Napoka
24%
Warna
17%
Nowy Sad
13%
Płowdiw
11%
Nie znaleziono quizów pasujących do podanych kryteriów
Rozkład punktacji
Procent ludzi z każdym wynikiem
Percentyl według liczby udzielonych odpowiedzi
Twoja historia wyników
Nie rozwiązałeś tego quizu